Prācīna Bhāratīẏa sāhitya o Bāṅālīra uttarādhikāra. (Record no. 62318)

MARC details
000 -LEADER
fixed length control field 00672cam a22002411 4500
001 - CONTROL NUMBER
control field sa 65001938
003 - CONTROL NUMBER IDENTIFIER
control field DLC
005 - DATE AND TIME OF LATEST TRANSACTION
control field 20260227112112.0
008 - FIXED-LENGTH DATA ELEMENTS--GENERAL INFORMATION
fixed length control field 890713s1964 ii 000 0 beno
010 ## - LIBRARY OF CONGRESS CONTROL NUMBER
LC control number sa 65001938
035 ## - SYSTEM CONTROL NUMBER
System control number (OCoLC)20004301
040 ## - CATALOGING SOURCE
Original cataloging agency DLC
Transcribing agency WaU
Modifying agency DLC
042 ## - AUTHENTICATION CODE
Authentication code premarc
043 ## - GEOGRAPHIC AREA CODE
Geographic area code a-ii---
050 00 - LIBRARY OF CONGRESS CALL NUMBER
Classification number PK1701
Item number .C3
100 1# - MAIN ENTRY--PERSONAL NAME
Personal name Cakrabartī, Jāhṇabīkumāra.
245 10 - TITLE STATEMENT
Title Prācīna Bhāratīẏa sāhitya o Bāṅālīra uttarādhikāra.
260 ## - PUBLICATION, DISTRIBUTION, ETC.
Date of publication, distribution, etc. [1964]
300 ## - PHYSICAL DESCRIPTION
Extent 2 v.
Dimensions 23 cm.
500 ## - GENERAL NOTE
General note In Bengali.
650 #0 - SUBJECT ADDED ENTRY--TOPICAL TERM
Topical term or geographic name entry element Bengali literature
General subdivision History and criticism.
650 #0 - SUBJECT ADDED ENTRY--TOPICAL TERM
Topical term or geographic name entry element Indic literature
General subdivision History and criticism.

No items available.

Powered by Koha